[Event "Championnat de France des Jeunes - Benja"]
[Site "AIX LES BAINS"]
[Date "2009.04.20"]
[Round "2.10"]
[White "Fuhrmann, Valentin"]
[Black "Lemeille, Francois"]
[Result "0-1"]
[WhiteElo "1798"]
[BlackElo "1931"]
[PlyCount "134"]

1. d4 Nf6 2. c4 e6 3. Nc3 Bb4 4. Bg5 O-O 5. Nf3 d6 6. e4 h6 7. Bxf6 Qxf6 8. Be2
e5 9. d5 Bxc3+ 10. bxc3 Nd7 11. O-O Nc5 12. Nd2 Bd7 13. Qc2 Rae8 14. Nb3 b6 15.
Bf3 Qg6 16. Nxc5 bxc5 17. Rab1 Bc8 18. Qa4 f5 19. Rfe1 a6 20. Qc2 f4 21. Qe2
Re7 22. Bh5 Qg5 23. Bf3 Ref7 24. Qd1 Bh3 25. Kh1 Bc8 26. Rb2 g6 27. Qe2 h5 28.
Rg1 Qh6 29. Rd2 g5 30. Qd3 g4 31. Bd1 Kh8 32. f3 Qg5 33. g3 Rg8 34. Rdg2 Rfg7
35. Qf1 Qf6 36. fxg4 hxg4 37. Rf2 Qh6 38. Qg2 Bd7 39. Bc2 Rh7 40. Qf1 a5 41. a3
Rgg7 42. Qe2 Qg5 43. Qd2 Rf7 44. Bd1 Rh3 45. Rfg2 Qg6 46. Qe1 Qh6 47. Qd2 Qh5
48. Qe1 Rh7 49. Qd2 Qh6 50. gxf4 g3 51. Rf1 exf4 52. Rxf4 Rxh2+ 53. Rxh2 Qxh2+
54. Qxh2 Rxh2+ 55. Kg1 Ra2 56. Rf7 Bh3 57. Rf3 Ra1 58. Rxg3 Rxd1+ 59. Kf2 Bc8
60. Rf3 Kg7 61. Re3 Kf6 62. Rf3+ Ke5 63. Ke3 Re1+ 64. Kd3 Rxe4 65. Rf8 Bf5 66.
Re8+ Kf4 67. Rf8 Re8+ 0-1

[Event "Championnat de France des Jeunes - Benja"]
[Site "AIX LES BAINS"]
[Date "2009.04.20"]
[Round "2.11"]
[White "Jeannesson, Etienne"]
[Black "Levacic, Adrien"]
[Result "1-0"]
[WhiteElo "1780"]
[BlackElo "1910"]
[PlyCount "123"]

1. e4 e5 2. Nf3 Nc6 3. Bc4 Nf6 4. d3 Be7 5. c3 O-O 6. Bb3 d6 7. Nbd2 h6 8. Qe2
Bg4 9. h3 Bh5 10. g4 Bg6 11. Nf1 Nd7 12. Ng3 Na5 13. Bc2 c5 14. h4 d5 15. Bd2
c4 16. g5 cxd3 17. Bxd3 dxe4 18. Nxe4 h5 19. O-O-O Rc8 20. Ng3 Nc6 21. Ne1 Nd4
22. Qf1 Qa5 23. Kb1 Ne6 24. Bxg6 fxg6 25. Qd3 Nec5 26. Qxg6 Rc6 27. Qc2 Ra6 28.
b4 Qb5 29. Ka1 Ne6 30. Nd3 Rc8 31. Rb1 Nd4 32. Qd1 Qxd3 33. cxd4 Rc2 34. Rb2
Rxb2 35. Kxb2 Qxd4+ 36. Kb1 Qd3+ 37. Ka1 Qd4+ 38. Kb1 Bxb4 39. Qb3+ Kh8 40. Be3
Qd6 41. Rd1 Qe7 42. Rxd7 Qxd7 43. Qxb4 Qf7 44. Qb3 Qf3 45. g6 Qf6 46. Qxb7
Qxg6+ 47. Qe4 Qe6 48. Qc2 Rc6 49. Qb3 Qg6+ 50. Kb2 Ra6 51. Qb8+ Kh7 52. Qxe5
Kg8 53. Qd5+ Re6 54. Nxh5 Kh7 55. Nf4 Qf6+ 56. Qd4 Re5 57. Nd3 Rb5+ 58. Ka1 Qf3
59. Ne1 Qh1 60. Qd3+ Kg8 61. Qxb5 Qxe1+ 62. Kb2 1-0

[Event "Championnat de France des Jeunes - Benja"]
[Site "AIX LES BAINS"]
[Date "2009.04.20"]
[Round "2.12"]
[White "Ringuet, Noe"]
[Black "Rouxel, Marc-Milan"]
[Result "1-0"]
[WhiteElo "1906"]
[BlackElo "1780"]
[PlyCount "62"]

1. e4 g6 2. d4 Bg7 3. Nf3 c5 4. Nc3 cxd4 5. Nxd4 Nc6 6. Be3 Nf6 7. Bc4 O-O 8.
Bb3 b6 9. f3 Bb7 10. Qd2 d6 11. O-O-O Na5 12. Nde2 Nxb3+ 13. cxb3 Qc7 14. Kb1
Rfd8 15. Nd5 Nxd5 16. exd5 b5 17. Bd4 Bxd4 18. Nxd4 Qb6 19. Qg5 Rd7 20. h4 Qc5
21. Nf5 Re8 22. h5 e6 23. hxg6 fxg6 24. Nh6+ Kg7 25. Ng4 Rf7 26. Rxh7+ Kxh7 27.
Rh1+ Kg8 28. Qxg6+ Kf8 29. Rh8+ Ke7 30. Qxe6+ Kd8 31. Qxe8+ Kc7 1-0

[Event "Championnat de France des Jeunes - Benja"]
[Site "AIX LES BAINS"]
[Date "2009.04.20"]
[Round "2.13"]
[White "Grundman, Anatole"]
[Black "Kirk, Ezra"]
[Result "1/2-1/2"]
[WhiteElo "1777"]
[BlackElo "1884"]
[PlyCount "56"]

1. d4 Nf6 2. c4 g6 3. Nc3 Bg7 4. e4 d6 5. Nf3 O-O 6. Be2 e5 7. O-O Nc6 8. d5
Ne7 9. Ne1 Nd7 10. Nd3 f5 11. Bd2 Nf6 12. f3 f4 13. c5 g5 14. Rc1 Ng6 15. cxd6
cxd6 16. Nb5 Rf7 17. Qc2 Qb6+ 18. Nf2 g4 19. Nc7 Rb8 20. Kh1 g3 21. Nd3 gxh2
22. Be1 Nh5 23. Kxh2 Ng3 24. Bf2 Qa5 25. b4 Nxf1+ 26. Bxf1 Qa3 27. Nb5 Qa6 28.
Nc7 Qa3 1/2-1/2

[Event "Championnat de France des Jeunes - Benja"]
[Site "AIX LES BAINS"]
[Date "2009.04.20"]
[Round "2.14"]
[White "Cantin, Loic"]
[Black "Bellahcene, Rayane"]
[Result "0-1"]
[WhiteElo "1880"]
[BlackElo "1772"]
[PlyCount "112"]

1. e4 c5 2. Nf3 e6 3. d4 cxd4 4. Nxd4 Nc6 5. Nc3 Qc7 6. Be3 a6 7. Be2 Nf6 8. f3
Bd6 9. Qd2 Bxh2 10. O-O-O Nxd4 11. Bxd4 Bf4 12. Be3 Bxe3 13. Qxe3 d6 14. Qd2
Ke7 15. Qg5 Bd7 16. f4 h6 17. Qg3 Rac8 18. e5 Ne4 19. exd6+ Nxd6 20. Qxg7 Nf5
21. Qe5 Qxe5 22. fxe5 Ne3 23. Rd2 Rc5 24. Bf3 Bc6 25. Re2 Bxf3 26. gxf3 Nf5 27.
Rd1 h5 28. f4 h4 29. Ne4 Rc4 30. b3 Rd4 31. Rxd4 Nxd4 32. Rd2 Nf5 33. Ng5 f6
34. exf6+ Kxf6 35. Ne4+ Kg6 36. Rg2+ Kf7 37. Ng5+ Ke7 38. Re2 Rh6 39. Kd2 Ng3
40. Kd3 Nxe2 41. Kxe2 h3 42. Nxh3 Rxh3 43. a4 Kf6 44. b4 Kf5 45. c4 Kxf4 46. b5
axb5 47. cxb5 Ra3 48. b6 Rxa4 49. Kd3 e5 50. Ke2 e4 51. Kd2 Kf3 52. Ke1 Ra2 53.
Kd1 e3 54. Kc1 e2 55. Kb1 Rd2 56. Ka1 e1=Q# 0-1

[Event "Championnat de France des Jeunes - Benja"]
[Site "AIX LES BAINS"]
[Date "2009.04.20"]
[Round "2.15"]
[White "Cornaton, Antoine"]
[Black "Rouffignac, Tanguy"]
[Result "1-0"]
[WhiteElo "1870"]
[BlackElo "1671"]
[PlyCount "73"]

1. e4 e5 2. Nf3 Nc6 3. Bc4 Bc5 4. Nc3 Nf6 5. d3 a6 6. Bg5 h6 7. Be3 Bxe3 8.
fxe3 d6 9. a3 O-O 10. O-O b5 11. Ba2 Bg4 12. d4 Re8 13. h3 Bxf3 14. Rxf3 Ne7
15. Qf1 Rf8 16. Rxf6 gxf6 17. Qxf6 c6 18. Qxh6 exd4 19. exd4 d5 20. exd5 cxd5
21. Qg5+ Ng6 22. Qxd5 Qxd5 23. Nxd5 Kg7 24. c3 f5 25. Nc7 f4 26. Nxa8 Rxa8 27.
Re1 Rf8 28. Kf2 Nh4 29. Bd5 Nf5 30. Bf3 Ne3 31. g3 Nc4 32. Re2 fxg3+ 33. Kxg3
Nd6 34. Bg4 Nc4 35. Re7+ Kf6 36. Re6+ Kg5 37. h4# 1-0

[Event "Championnat de France des Jeunes - Benjamines"]
[Site "AIX LES BAINS"]
[Date "2009.04.21"]
[Round "2.1"]
[White "Aflalo, Sophie"]
[Black "Verwaerde, Jolanthe"]
[Result "*"]
[WhiteElo "1985"]
[BlackElo "1590"]
[Annotator ""]

1. e4 d5 2. exd5 Qxd5 3. Nc3 Qd6 4. d4 Nf6 5. Nf3 Bg4 6. g3 Nc6 7. Bg2 a6 8.
O-O O-O-O 9. Be3 e6 10. Ne2 h5 11. c3 Bxf3 12. Bxf3 h4 13. Qc2 hxg3 14. hxg3 e5
15. dxe5 Nxe5 16. Bg2 Nc6 17. Rad1 Qe6 18. Nf4 Qe8 19. b4 Rxd1 20. Rxd1 Bd6 21.
b5 axb5 22. Qf5+ Kb8 23. Qxb5 Nd8 24. Qa5 Kc8 25. c4 b6 26. Qa6+ Kd7 27. c5
bxc5 28. Bxc5 Ne4 29. Qa4+ 1-0

[Event "Championnat de France des Jeunes - Benja"]
[Site "AIX LES BAINS"]
[Date "2009.04.20"]
[Round "2.2"]
[White "Massard, Aurelie"]
[Black "Eid, Maha"]
[Result "0-1"]
[WhiteElo "1580"]
[BlackElo "1929"]
[PlyCount "70"]

1. d4 Nf6 2. Nf3 b6 3. Nc3 Bb7 4. Bf4 g6 5. Qd2 h6 6. O-O-O d6 7. d5 Nbd7 8. e4
a6 9. Nd4 Bg7 10. Be2 b5 11. h4 b4 12. Nb1 Nxe4 13. Qe3 Nef6 14. Nc6 Bxc6 15.
dxc6 Nc5 16. Bc4 e6 17. Nd2 Qe7 18. Nb3 Na4 19. Nd4 Nb6 20. Qe2 Nfd5 21. Bg3
Nxc4 22. Qxc4 O-O 23. Nf3 Rfb8 24. Bh2 Qf6 25. Qd4 Qf5 26. Qd3 Qg4 27. Qe2 h5
28. Qd3 Rb6 29. Ng5 Qxh4 30. Nxe6 fxe6 31. Qxg6 Qf6 32. Qxh5 Qxb2+ 33. Kd2 Qc3+
34. Ke2 Qxc2+ 35. Kf3 Rf8+ 0-1

[Event "Championnat de France des Jeunes - Benja"]
[Site "AIX LES BAINS"]
[Date "2009.04.20"]
[Round "2.3"]
[White "Navrotescu, Andreea-Cristiana"]
[Black "Savalle, Mathilde"]
[Result "1-0"]
[WhiteElo "1853"]
[BlackElo "1575"]
[PlyCount "75"]

1. d4 d5 2. c4 e6 3. Nc3 Be7 4. Nf3 Nf6 5. Bg5 O-O 6. cxd5 exd5 7. e3 c6 8. Bd3
b6 9. Qc2 h6 10. Bh4 c5 11. O-O Bb7 12. Ne5 Nbd7 13. f4 Nxe5 14. fxe5 Nd7 15.
Bxe7 Qxe7 16. Rf3 Rfe8 17. Nb5 c4 18. Bh7+ Kh8 19. Nd6 f6 20. Nxe8 Rxe8 21. Bg6
Rf8 22. exf6 Rxf6 23. Raf1 b5 24. Bf5 Nb6 25. Bg4 Rxf3 26. Rxf3 Bc8 27. Bxc8
Nxc8 28. Kf2 Nd6 29. Qg6 b4 30. Ke2 a5 31. Rf4 a4 32. Qh5 Qb7 33. Rf8+ Kh7 34.
Qe5 Qc6 35. Rd8 c3 36. Rxd6 Qc4+ 37. Kf2 cxb2 38. Qf5+ 1-0

[Event "Championnat de France des Jeunes - Benja"]
[Site "AIX LES BAINS"]
[Date "2009.04.20"]
[Round "2.4"]
[White "Rigolot, Lucie"]
[Black "Ferrer, Lauriane"]
[Result "1-0"]
[WhiteElo "1831"]
[BlackElo "1570"]
[PlyCount "53"]

1. e4 c5 2. Nf3 d6 3. d4 cxd4 4. Nxd4 Nf6 5. Nc3 a6 6. Bc4 e6 7. O-O Be7 8. Re1
b5 9. Bb3 Bb7 10. Bxe6 O-O 11. Bb3 Nbd7 12. Nf5 Nc5 13. Bd5 Nxd5 14. Nxd5 Bxd5
15. Qxd5 Qd7 16. Bf4 Rfd8 17. Nxe7+ Qxe7 18. Bg5 Qc7 19. Bxd8 Rxd8 20. b3 Re8
21. Rad1 Nb7 22. b4 Re5 23. Qd3 Rh5 24. h3 Qc4 25. Qxc4 bxc4 26. Rd4 g6 27.
Rxc4 1-0

[Event "Championnat de France des Jeunes - Benja"]
[Site "AIX LES BAINS"]
[Date "2009.04.20"]
[Round "2.5"]
[White "Aggoune, Audessa"]
[Black "Griggio, Julie"]
[Result "0-1"]
[WhiteElo "1570"]
[BlackElo "1807"]
[PlyCount "92"]

1. d4 Nf6 2. Nf3 g6 3. Bg5 Bg7 4. Nbd2 O-O 5. e3 d6 6. Bd3 Nbd7 7. O-O h6 8.
Bh4 c5 9. c3 a6 10. a4 Re8 11. Qb3 e6 12. Ne4 g5 13. Bg3 Nxe4 14. Bxe4 Nf6 15.
Bc2 Nh5 16. Nd2 Nxg3 17. fxg3 Qc7 18. Nc4 b5 19. axb5 Rb8 20. b6 Qc6 21. Qa4
Qxa4 22. Rxa4 cxd4 23. Nxd6 Rd8 24. Nxc8 Rdxc8 25. Rxa6 dxc3 26. bxc3 Rxc3 27.
Be4 Rxe3 28. Ra8 Rxa8 29. Bxa8 Bd4 30. b7 Rb3+ 31. Kh1 Be5 32. Rc1 Kg7 33. Kg1
Rb2 34. Kf1 h5 35. b8=Q Bxb8 36. Bc6 h4 37. gxh4 gxh4 38. h3 Bg3 39. Rd1 Kg6
40. Rd7 Rf2+ 41. Kg1 Rb2 42. Kf1 f5 43. Re7 Kf6 44. Re8 Rf2+ 45. Kg1 Re2 46.
Kf1 Re1# 0-1

[Event "Championnat de France des Jeunes - Benja"]
[Site "AIX LES BAINS"]
[Date "2009.04.20"]
[Round "2.6"]
[White "Hild, Aurelia"]
[Black "Monpeurt, Cyrielle"]
[Result "0-1"]
[WhiteElo "1570"]
[BlackElo "1755"]
[PlyCount "106"]

1. e4 e5 2. Nf3 Nc6 3. Bc4 Bc5 4. d3 Nf6 5. Bg5 d6 6. Nc3 h6 7. Bh4 Bg4 8. h3
Bxf3 9. Qxf3 Nd4 10. Qd1 c6 11. Ne2 b5 12. Bb3 Nxb3 13. axb3 d5 14. exd5 cxd5
15. Qd2 O-O 16. O-O Qd6 17. Bg3 Qe6 18. Kh1 Bb6 19. c3 Rac8 20. Rfe1 Rfe8 21.
Rad1 Qf5 22. Rf1 a5 23. Ra1 Nd7 24. d4 e4 25. Rfe1 Nf6 26. Nf4 Nh5 27. Nxh5
Qxh5 28. Re2 Rc6 29. Rf1 Bd8 30. Qc2 Bf6 31. Rd1 Rec8 32. Re3 b4 33. Rd2 Bg5
34. f4 Bh4 35. Bxh4 Qxh4 36. Qc1 Qxf4 37. Rc2 bxc3 38. bxc3 Rg6 39. Qe1 Qd6 40.
Ra2 Qb6 41. Qb1 f5 42. Rf2 Rf8 43. g3 Qc7 44. Qg1 f4 45. Ree2 Rxg3 46. Qf1 Qxc3
47. Rh2 Qf3+ 48. Qxf3 exf3 49. Ref2 Re8 50. Rf1 Re2 51. h4 Rgg2 52. Rxg2 fxg2+
53. Kg1 gxf1=Q+ 0-1

[Event "Championnat de France des Jeunes - Benja"]
[Site "AIX LES BAINS"]
[Date "2009.04.20"]
[Round "2.7"]
[White "Pouillart, Cecile"]
[Black "Le Marec, Laura"]
[Result "1-0"]
[WhiteElo "1745"]
[BlackElo "1554"]
[PlyCount "89"]

1. e4 e5 2. Nf3 d6 3. d4 exd4 4. Nxd4 Nf6 5. Nc3 Be7 6. Bc4 O-O 7. O-O Nbd7 8.
Be3 Ne5 9. Bb3 Nc6 10. Nxc6 bxc6 11. f3 Bb7 12. Qe2 Nd7 13. Rad1 Qc8 14. f4 Nb6
15. Qh5 Ba6 16. Rf3 Nc4 17. Bxc4 Bxc4 18. Rh3 h6 19. f5 f6 20. Bxh6 Qe8 21. Qh4
Bf7 22. Bxg7 Bh5 23. Bxf8 Kxf8 24. Qxh5 Qxh5 25. Rxh5 Kf7 26. Rh7+ Ke8 27. h4
Rb8 28. b3 Rd8 29. g4 Rd7 30. Kg2 Kf8 31. Rh8+ Kf7 32. Ra8 Rd8 33. Rxa7 Rg8 34.
Kg3 Bd8 35. a4 Ke7 36. Ne2 c5 37. Nf4 Kd7 38. Ne6 Kc8 39. Ra8+ Kd7 40. Rxd8+
Rxd8 41. Nxd8 Kxd8 42. g5 fxg5 43. hxg5 Ke7 44. a5 Kd7 45. g6 1-0

[Event "Championnat de France des Jeunes - Benja"]
[Site "AIX LES BAINS"]
[Date "2009.04.20"]
[Round "2.8"]
[White "Monemvasitis, Athina"]
[Black "Costa, Elodie"]
[Result "0-1"]
[WhiteElo "1550"]
[BlackElo "1727"]
[PlyCount "50"]

1. e4 e5 2. Nf3 Nc6 3. Bc4 Nf6 4. Nc3 Nxe4 5. Nxe4 d5 6. Bd3 dxe4 7. Bxe4 Bd6
8. d4 exd4 9. Nxd4 Nxd4 10. Qxd4 O-O 11. Be3 Be6 12. a3 c5 13. Qc3 Qc7 14.
O-O-O Rac8 15. Bxh7+ Kh8 16. h4 Be5 17. Qd3 c4 18. Qe4 f5 19. Qf3 Kxh7 20. Qh5+
Kg8 21. Qg6 Bf7 22. Qxf5 c3 23. b3 Qa5 24. a4 Qb4 25. Rde1 Rfd8 0-1

[Event "Championnat de France des Jeunes - Benja"]
[Site "AIX LES BAINS"]
[Date "2009.04.20"]
[Round "2.9"]
[White "Pivard, Elsa"]
[Black "Laric, Emilie"]
[Result "1-0"]
[WhiteElo "1710"]
[BlackElo "1540"]
[PlyCount "51"]

1. e4 e5 2. Nf3 Nc6 3. Bc4 Bc5 4. Nc3 d6 5. h3 Nf6 6. d3 h6 7. O-O O-O 8. Be3
Bxe3 9. fxe3 Ne7 10. d4 exd4 11. exd4 Be6 12. Bb3 Bxb3 13. axb3 d5 14. exd5
Nexd5 15. Nxd5 Nxd5 16. Qd2 Re8 17. Rae1 Qd7 18. Ne5 Qc8 19. Nxf7 Rf8 20. Ne5
c5 21. c4 Nf6 22. Ng6 Ne4 23. Ne7+ Kh7 24. Rxf8 Qxf8 25. Rxe4 Re8 26. Qd3 1-0

[Event "Championnat de France des Jeunes - Benja"]
[Site "AIX LES BAINS"]
[Date "2009.04.20"]
[Round "2.10"]
[White "Coutier, Camille"]
[Black "Gan, Grace"]
[Result "0-1"]
[WhiteElo "1530"]
[BlackElo "1700"]
[PlyCount "102"]

1. e4 c6 2. d4 d5 3. Nc3 dxe4 4. Nxe4 Bf5 5. Ng3 Bg6 6. Nf3 Nd7 7. Be3 e6 8.
Bd3 Bxd3 9. Qxd3 Ngf6 10. O-O Bd6 11. Ne2 Qc7 12. h3 h6 13. Rad1 O-O-O 14. c4
Kb8 15. c5 g5 16. cxd6 Qxd6 17. Nh2 Qe7 18. Qd2 Nd5 19. Qa5 Nxe3 20. fxe3 h5
21. Qe1 Nf6 22. Qf2 Rh6 23. Qg3+ Ka8 24. Qxg5 Rg6 25. Qf4 Rdg8 26. Qf2 Rxg2+
27. Qxg2 Rxg2+ 28. Kxg2 Nd5 29. Rf3 Qg5+ 30. Kf2 f5 31. Rg1 Qh4+ 32. Kf1 Qd8
33. Rfg3 Nf6 34. Nf4 h4 35. Rg6 a6 36. Nxe6 Qe7 37. Nc5 Qxe3 38. Rxf6 Qxd4 39.
Rg8+ Ka7 40. Rf7 Qc4+ 41. Kf2 Qxf7 42. Rg1 Qc4 43. Nb3 Qc2+ 44. Ke1 Qxh2 45.
Rf1 Qxh3 46. Nd2 Qg3+ 47. Ke2 f4 48. Rf3 Qg4 49. Kf2 h3 50. Ke1 h2 51. Rf1 Qh4+
0-1

[Event "Championnat de France des Jeunes - Benja"]
[Site "AIX LES BAINS"]
[Date "2009.04.20"]
[Round "2.11"]
[White "Kambrath, Linda"]
[Black "Mencacci, Floriane"]
[Result "1-0"]
[WhiteElo "1680"]
[BlackElo "1520"]
[PlyCount "48"]

1. e4 d5 2. exd5 Qxd5 3. Nf3 Nf6 4. d4 Bf5 5. Be2 Nbd7 6. O-O O-O-O 7. c4 Qa5
8. Nc3 e5 9. d5 e4 10. Nd4 g6 11. g4 Rg8 12. gxf5 gxf5+ 13. Kh1 Bc5 14. Nxf5 h5
15. a3 Qb6 16. b4 Bd6 17. c5 Nxc5 18. bxc5 Qxc5 19. Nb5 Bxh2 20. Be3 Qf8 21.
Nxa7+ Kb8 22. Nc6+ bxc6 23. Qb3+ Ka8 24. Rab1 Rxd5 1-0

[Event "Championnat de France des Jeunes - Benja"]
[Site "AIX LES BAINS"]
[Date "2009.04.20"]
[Round "2.12"]
[White "Aubrun, Cecilia"]
[Black "Henry, Laura"]
[Result "0-1"]
[WhiteElo "1510"]
[BlackElo "1663"]
[PlyCount "57"]

1. e4 e5 2. Nf3 Nc6 3. Bc4 Be7 4. d3 Nf6 5. Bg5 O-O 6. O-O d6 7. h3 h6 8. Be3
Re8 9. Nbd2 Bf8 10. Re1 Ne7 11. d4 Ng6 12. c3 exd4 13. Bxd4 c5 14. Bxf6 Qxf6
15. g3 Bxh3 16. Qb3 Rab8 17. Kh2 Bg4 18. Kg2 h5 19. Nh4 Ne5 20. Be2 b5 21. Rab1
c4 22. Qa3 g5 23. Nf5 d5 24. Qxa7 dxe4 25. Ne3 Bf3+ 26. Bxf3 exf3+ 27. Kf1 Nd3
28. Red1 Bc5 29. Qd7 0-1

[Event "Championnat de France des Jeunes - Benja"]
[Site "AIX LES BAINS"]
[Date "2009.04.20"]
[Round "2.13"]
[White "Nolot, Clementine"]
[Black "Langlais, Victoire"]
[Result "0-1"]
[WhiteElo "1659"]
[BlackElo "1510"]
[PlyCount "66"]

1. e4 c5 2. Nf3 Nc6 3. d4 cxd4 4. Nxd4 e6 5. Nc3 Nf6 6. Bg5 Be7 7. Qd2 Qb6 8.
Nb3 d6 9. O-O-O Ng4 10. Bf4 Qxf2 11. Bxd6 Qxd2+ 12. Rxd2 Bg5 13. Nb5 Bxd2+ 14.
Kxd2 Kd7 15. Nc5+ Kd8 16. Nc7 Rb8 17. Bb5 a6 18. Ba4 b5 19. Bb3 Rb6 20. Na8 Rb7
21. Nxb7+ Bxb7 22. Nb6 Nd4 23. h3 Nxb3+ 24. cxb3 Nf2 25. Re1 Nxe4+ 26. Rxe4
Bxe4 27. g4 f5 28. a4 fxg4 29. hxg4 h5 30. axb5 axb5 31. Ke3 Bd5 32. gxh5 Rxh5
33. b4 Rf5 0-1

[Event "Championnat de France des Jeunes - Benja"]
[Site "AIX LES BAINS"]
[Date "2009.04.20"]
[Round "2.14"]
[White "Fischer, Julie"]
[Black "Abbassi, Zeyneb"]
[Result "1-0"]
[WhiteElo "1644"]
[BlackElo "1450"]
[PlyCount "55"]

1. e4 e5 2. Nf3 Nc6 3. d4 exd4 4. Bc4 Qf6 5. O-O d6 6. Bg5 Qg6 7. Qd2 Bg4 8.
Nh4 Qh5 9. h3 Be7 10. hxg4 Qxg5 11. Nf3 Qxg4 12. Nxd4 Qxe4 13. Bb5 a6 14. Nc3
Qg4 15. Nxc6 axb5 16. Nxb5 bxc6 17. Nxc7+ Kd7 18. Nxa8 Qh5 19. a4 Qc5 20. a5
Qb5 21. c4 Qb7 22. Nb6+ Kc7 23. c5 Nf6 24. Rfe1 Bf8 25. a6 Qa7 26. Qa5 dxc5 27.
Nd5+ Kb8 28. Qd8# 1-0

[Event "Championnat de France des Jeunes - Benja"]
[Site "AIX LES BAINS"]
[Date "2009.04.20"]
[Round "2.15"]
[White "Vignette, Jeanne"]
[Black "Sriskantharajah, Niruja"]
[Result "1-0"]
[WhiteElo "1502"]
[BlackElo "1643"]
[PlyCount "59"]

1. e4 e5 2. Nf3 Nc6 3. Bc4 Bc5 4. c3 Nf6 5. d4 exd4 6. cxd4 Bb4+ 7. Nc3 O-O 8.
Bg5 Be7 9. O-O h6 10. Bh4 d6 11. h3 Na5 12. Bd3 b6 13. Re1 Nb7 14. Bb5 Bd7 15.
Bxd7 Qxd7 16. Qc2 c6 17. Rac1 Nh5 18. Bxe7 Qxe7 19. d5 c5 20. e5 Qd7 21. Qd2
Qf5 22. Nb5 Rfd8 23. Rc3 Qf4 24. Rce3 dxe5 25. Nxe5 Nf6 26. d6 Nd7 27. Nxd7
Rxd7 28. Re8+ Kh7 29. Qxf4 a6 30. R8e7 1-0

[Event "Championnat de France des Jeunes - Pupilles"]
[Site "AIX LES BAINS"]
[Date "2009.04.21"]
[Round "2.1"]
[White "Lamard, Guillaume"]
[Black "Chardon, Xavier"]
[Result "1-0"]
[WhiteElo "2113"]
[BlackElo "1672"]
[Annotator ""]

1. d4 g6 2. e4 Bg7 3. Nc3 c5 4. d5 d6 5. Nf3 a6 6. a4 Nf6 7. Be2 O-O 8. O-O Bg4
9. Nd2 Bxe2 10. Qxe2 Nbd7 11. a5 Ne8 12. Nc4 Nc7 13. Bg5 f6 14. Bf4 f5 15. Rfe1
Kh8 16. Qd2 fxe4 17. Rxe4 Nf6 18. Re2 Nfxd5 19. Nxd5 Nxd5 20. Bxd6 Bxb2 21. Rb1
Bd4 22. Be5+ Nf6 23. Bxd4 cxd4 24. Rxb7 Qd5 25. Rexe7 Rab8 26. Qh6 Qg8 27. Ne5
Rxb7 28. Nxg6+ 1-0

[Event "Championnat de France des Jeunes - Pupil"]
[Site "AIX LES BAINS"]
[Date "2009.04.20"]
[Round "2.2"]
[White "Cogan, Nicolas"]
[Black "Bellahcene, Bilel"]
[Result "0-1"]
[WhiteElo "1939"]
[BlackElo "2250"]
[PlyCount "74"]

1. d4 Nf6 2. c4 e6 3. Nc3 Bb4 4. Qc2 O-O 5. e4 d5 6. e5 Ne4 7. Bd3 c5 8. a3
Bxc3+ 9. bxc3 cxd4 10. cxd4 Qa5+ 11. Kf1 Nc6 12. Ne2 f6 13. Be3 fxe5 14. Bxe4
dxe4 15. Qxe4 exd4 16. Nxd4 Qa4 17. Nxc6 bxc6 18. h3 Ba6 19. Rc1 Qxa3 20. Kg1
Qd6 21. c5 Qd5 22. Qg4 Rad8 23. Ra1 h5 24. Qa4 Bd3 25. Kh2 Qe5+ 26. g3 Rf7 27.
Rad1 Rdf8 28. Rd2 Be4 29. f4 Qf5 30. Rf1 Bd5 31. Rff2 e5 32. fxe5 Qb1 33. Rg2
Bxg2 34. Rxg2 Rf1 35. Qa2+ Qxa2 36. Rxa2 Re1 37. Rf2 Rxe3 0-1

[Event "Championnat de France des Jeunes - Pupilles"]
[Site "AIX LES BAINS"]
[Date "2009.04.21"]
[Round "2.3"]
[White "Ider, Borya"]
[Black "Bensaid, Alexandre"]
[Result "1-0"]
[WhiteElo "2176"]
[BlackElo "1931"]
[PlyCount "53"]

1. Nf3 Nf6 2. d4 g6 3. Nc3 Bg7 4. e4 d6 5. Bf4 O-O 6. Qd2 Nbd7 7. O-O-O c5 8.
Bh6 Bxh6 9. Qxh6 Ng4 10. Qd2 cxd4 11. Nxd4 Nge5 12. h4 h5 13. Be2 Nf6 14. f3
Bd7 15. Rdg1 Rc8 16. g4 hxg4 17. fxg4 Bxg4 18. Bxg4 Nexg4 19. h5 Qd7 20. hxg6
fxg6 21. Qg5 Kf7 22. Nd5 Rg8 23. Rh4 Rc4 24. c3 Rxd4 25. cxd4 Qc6+ 26. Kb1 Nxe4
27. Qxe7# 1-0

[Event "Championnat de France des Jeunes - Pupilles"]
[Site "AIX LES BAINS"]
[Date "2009.04.21"]
[Round "2.4"]
[White "L'Huillier, Robin"]
[Black "Manoeuvre, Antoine"]
[Result "1-0"]
[WhiteElo "1932"]
[BlackElo "2150"]
[PlyCount "35"]

1. e4 e5 2. Nf3 Nc6 3. Bb5 d6 4. d4 exd4 5. Nxd4 Nge7 6. Bg5 Bd7 7. Nxc6 Bxc6
8. Bxc6+ bxc6 9. Nc3 f6 10. Be3 d5 11. Qe2 Qd6 12. Rd1 Qb4 13. exd5 Qxb2 14.
Bd4 c5 15. Rb1 Qa3 16. Nb5 Qxa2 17. Ra1 Qxa1+ 18. Bxa1 1-0

[Event "Championnat de France des Jeunes - Pupilles"]
[Site "AIX LES BAINS"]
[Date "2009.04.21"]
[Round "2.5"]
[White "Netzer, Jacques"]
[Black "Gallant, Aurelien"]
[Result "0-1"]
[WhiteElo "2139"]
[BlackElo "1916"]
[PlyCount "96"]

1. d4 Nf6 2. c4 g6 3. Nc3 Bg7 4. e4 d6 5. Bd3 e5 6. d5 O-O 7. f3 c5 8. Be3 Nh5
9. a3 Qe7 10. b4 b6 11. Nge2 f5 12. Rb1 Nd7 13. Ng3 Nf4 14. Bxf4 exf4 15. Nge2
Qh4+ 16. Kf1 Ne5 17. exf5 Bxf5 18. Bxf5 Rxf5 19. Qb3 Qe7 20. Ne4 Re8 21. N2c3
a6 22. a4 a5 23. bxa5 bxa5 24. Nb5 Rd8 25. Qc2 Bf8 26. Qb3 g5 27. h3 Qg7 28.
Qc2 Rf7 29. Qb3 h5 30. Rb2 g4 31. Rg1 Qg6 32. Rf2 Qf5 33. h4 Rg7 34. Ng5 Rxg5
35. hxg5 Qxg5 36. Qc2 Bg7 37. Qe4 Qg6 38. Qxg6 Nxg6 39. Re2 Ne5 40. fxg4 hxg4
41. Re4 f3 42. gxf3 Nxf3 43. Rg2 Ne5 44. Rf2 Bf8 45. Rf5 Re8 46. Rf6 Kg7 47.
Ref4 Rd8 48. Nc7 Rb8 0-1

[Event "Championnat de France des Jeunes - Pupilles"]
[Site "AIX LES BAINS"]
[Date "2009.04.21"]
[Round "2.6"]
[White "Duboue, Peio"]
[Black "Dionisi, Thomas"]
[Result "1-0"]
[WhiteElo "1926"]
[BlackElo "2129"]
[PlyCount "136"]

1. d4 d5 2. c4 e6 3. Nc3 Be7 4. Nf3 Nf6 5. e3 O-O 6. Bd3 b6 7. O-O Bb7 8. b3
Ne4 9. Bb2 Nxc3 10. Bxc3 Bf6 11. Qe2 c5 12. Rfd1 Nc6 13. Rac1 Qe7 14. Bb2 Rac8
15. cxd5 exd5 16. dxc5 Bxb2 17. Qxb2 bxc5 18. Bf5 Rcd8 19. Qc3 Nb4 20. Qxc5
Qxc5 21. Rxc5 Nxa2 22. Ra1 Bc8 23. Bb1 Nb4 24. Rxa7 Ba6 25. Rcc7 Rc8 26. Bf5
Ra8 27. Rxa8 Rxa8 28. Ne5 g6 29. Bg4 f5 30. Bf3 Bc4 31. h3 Bxb3 32. Rb7 Ra4 33.
Nd7 Bc2 34. Nf6+ Kf8 35. Nxh7+ Kg8 36. Nf6+ Kf8 37. Bxd5 Nxd5 38. Nxd5 Be4 39.
Rb8+ Kf7 40. Nc3 Ra1+ 41. Kh2 Bd3 42. h4 Ra3 43. Nd5 Be4 44. Nf4 Ra2 45. Kg3
Ra6 46. f3 Bc2 47. Rb7+ Kg8 48. Re7 Kf8 49. Re6 Rxe6 50. Nxe6+ Kf7 51. Ng5+ Kg7
52. e4 fxe4 53. fxe4 Kf6 54. Kf4 Ke7 55. g4 Bd1 56. e5 Be2 57. Nh7 Kf7 58. Nf6
Ke7 59. h5 gxh5 60. gxh5 Ke6 61. h6 Bd3 62. h7 Bxh7 63. Nxh7 Ke7 64. Kf5 Kf7
65. e6+ Kg7 66. Ng5 Kf8 67. Kf6 Ke8 68. e7 Kd7 1-0

[Event "Championnat de France des Jeunes - Pupil"]
[Site "AIX LES BAINS"]
[Date "2009.04.20"]
[Round "2.7"]
[White "Balagny-Carbuccia, Nicolas"]
[Black "Venard, Paul-Andre"]
[Result "1-0"]
[WhiteElo "1820"]
[BlackElo "1631"]
[PlyCount "81"]

1. e4 c5 2. c4 g6 3. Nc3 Bg7 4. g3 Nc6 5. Bg2 e5 6. Nge2 d6 7. d3 Nge7 8. O-O
Be6 9. Rb1 f5 10. a3 a5 11. f4 O-O 12. Be3 Qd7 13. fxe5 Nxe5 14. Nf4 Bf7 15.
Qc2 Ng4 16. Bc1 Bd4+ 17. Kh1 Ne3 18. Bxe3 Bxe3 19. Bh3 Bxf4 20. Rxf4 Be6 21.
Nd5 Nxd5 22. exd5 Bf7 23. b4 axb4 24. axb4 b6 25. Qb3 Rfb8 26. b5 Qe7 27. Rff1
Re8 28. Qd1 Ra2 29. Re1 Re2 30. Qxe2 Qxe2 31. Rxe2 Rxe2 32. Ra1 Re7 33. Ra6 Rb7
34. Ra8+ Kg7 35. Rd8 Kf6 36. Rxd6+ Ke5 37. Rc6 g5 38. Bg2 h5 39. d6 Be6 40.
Rxc5+ Kxd6 41. Rc6+ 1-0